000
00219 a2200097 4500
001
23904
100
_a
Jowett, L E
245
_a
Reliability of Electronic Components
260
_a
_b
Iliffe
_c
1966
090
_c
16183
_d
16183
942
_a
NUST-CAE
_c
M
_c
6873
999
_c
258977
_d
258977